|
|
|
|
| LEADER |
00000nam0a2200000 4500 |
| 001 |
336481 |
| 005 |
20231102004846.0 |
| 035 |
|
|
|a (RuTPU)RU\TPU\book\362897
|
| 090 |
|
|
|a 336481
|
| 100 |
|
|
|a 20171016d1927 m y0rusy50 ca
|
| 101 |
0 |
|
|a rus
|
| 102 |
|
|
|a RU
|
| 105 |
|
|
|a y z 000zy
|
| 200 |
1 |
|
|a Некоторые применения дифференциального уравнения Лапласа и его общего интеграла
|
| 210 |
|
|
|a Харбин
|c Типография "Заря"
|d 1927
|
| 215 |
|
|
|a 13 с.
|
| 300 |
|
|
|a Издание Русско-Китайского Политехнического Института
|
| 606 |
|
|
|a Дифференциальные уравнения
|x Интегрирование
|2 stltpush
|3 (RuTPU)RU\TPU\subj\72226
|9 85794
|
| 610 |
1 |
|
|a интегралы
|
| 610 |
1 |
|
|a уравнения Лапласа
|
| 610 |
1 |
|
|a дифференциальные уравнения
|
| 675 |
|
|
|a 517.928
|v 4
|
| 700 |
|
1 |
|a Савин
|b С. А.
|
| 801 |
|
1 |
|a RU
|b 63413507
|c 20171016
|
| 801 |
|
2 |
|a RU
|b 63413507
|c 20200825
|g RCR
|
| 942 |
|
|
|c BK
|